Statistics for Updated Top 5 Cities in Alaska by Population

Click here to take the quiz!

General Stats

  • This quiz has been taken 10 times
  • The average score is 4 of 5

Answer Stats

County City % Correct
---------Anchorage
100%
---------Juneau
100%
--------- North starFairbanks
89%
---------Sitka
44%
--------- GatewayKetchikan
33%

Score Distribution

Percentile by Number Answered

Percent of People with Each Score

Your Score History

You have not taken this quiz